000 00974nam a2200289 a 4500
003 AR-BaBNM
005 20251128203819.0
008 082120s2002 ||||||||||||||000 | spa||
040 _cAR-BaBNM
100 1 _aGinobili de Tumminello, María E.Rodríguez de Linares
_cSusana
245 0 0 _aEl área de las ciencias sociales en la escuela primaria
_bfundamentos, metodología, ejercitación
250 _a2ª ed.
260 _aBuenos Aires
_bMagisterio del Río de la Plata
_c1988
300 _a99 p.
_btablas, diagr., il.
490 0 _aActividades para la Escuela Primaria. Estudios Sociales
500 _aBilbiografía: p. 99
650 4 _aESTUDIOS SOCIALES
650 4 _aCIENCIAS SOCIALES
650 4 _aENSEÑANZA DE LAS CIENCIAS SOCIALES
650 4 _aMETODOS DE ENSEÑANZA
650 4 _aTECNICAS DIDACTICAS
650 4 _aENSEÑANZA DE LA HISTORIA
650 4 _aENSEÑANZA DE LA GEOGRAFIA
653 _aEDUCACION PRIMARIA
942 _cBK
998 _cSILVI
999 _c5013
_d5013